<?xml version="1.0" encoding="UTF-8"?>
<record
    xmlns:xsi="http://www.w3.org/2001/XMLSchema-instance"
    xsi:schemaLocation="http://www.loc.gov/MARC21/slim http://www.loc.gov/standards/marcxml/schema/MARC21slim.xsd"
    xmlns="http://www.loc.gov/MARC21/slim">

  <leader>00457nam a2200181Ia 4500</leader>
  <controlfield tag="008">100917s9999    xx            000 0 und d</controlfield>
  <datafield tag="082" ind1=" " ind2=" ">
    <subfield code="b">28269</subfield>
  </datafield>
  <datafield tag="100" ind1=" " ind2=" ">
    <subfield code="a">&#x92A;&#x93F;&#x91F;&#x915;&#x947; &#x935;. &#x939;.</subfield>
  </datafield>
  <datafield tag="245" ind1=" " ind2=" ">
    <subfield code="a">&#x92C;&#x93E;&#x927;&#x93E;</subfield>
  </datafield>
  <datafield tag="260" ind1=" " ind2=" ">
    <subfield code="b">&#x92F;&#x941;&#x928;&#x93F;&#x935;&#x94D;&#x939;&#x930;&#x94D;&#x938;&#x932; &#x92A;&#x92C;&#x94D;&#x932;&#x93F;&#x915;&#x947;&#x936;&#x928;</subfield>
    <subfield code="c">1976</subfield>
  </datafield>
  <datafield tag="300" ind1=" " ind2=" ">
    <subfield code="a">118</subfield>
  </datafield>
  <datafield tag="365" ind1=" " ind2=" ">
    <subfield code="b">12</subfield>
  </datafield>
  <datafield tag="520" ind1=" " ind2=" ">
    <subfield code="a">&#x915;&#x925;&#x93E;</subfield>
  </datafield>
  <datafield tag="630" ind1=" " ind2=" ">
    <subfield code="a">&#x92C;&#x93E;&#x927;&#x93E;</subfield>
  </datafield>
  <datafield tag="650" ind1=" " ind2=" ">
    <subfield code="a">&#x915;&#x925;&#x93E;</subfield>
  </datafield>
  <datafield tag="730" ind1=" " ind2=" ">
    <subfield code="a">&#x92C;&#x93E;&#x927;&#x93E;</subfield>
  </datafield>
  <datafield tag="942" ind1=" " ind2=" ">
    <subfield code="c">BOOK</subfield>
  </datafield>
  <datafield tag="999" ind1=" " ind2=" ">
    <subfield code="c">633663</subfield>
    <subfield code="d">633660</subfield>
  </datafield>
  <datafield tag="952" ind1=" " ind2=" ">
    <subfield code="0">0</subfield>
    <subfield code="1">0</subfield>
    <subfield code="4">0</subfield>
    <subfield code="7">0</subfield>
    <subfield code="a">PUNMGS</subfield>
    <subfield code="b">PUNMGS</subfield>
    <subfield code="c">&#x926;, 31 &#x925; 76</subfield>
    <subfield code="d">2010-09-17</subfield>
    <subfield code="g">12.00</subfield>
    <subfield code="l">0</subfield>
    <subfield code="p">PUNMGS-28269</subfield>
    <subfield code="r">2010-09-17 00:00:00</subfield>
    <subfield code="w">2010-09-17</subfield>
    <subfield code="y">BOOK</subfield>
    <subfield code="z">&#x926;&#x947;&#x935;&#x918;&#x947;&#x935;</subfield>
  </datafield>
</record>
